00583nam a2200205Ia 4500008004100000020001400041050001600055100002100071245002500092245002400117260001500141260001600156260000900172300001600181300002000197300001000217300002500227999001900252952010600271170918s9999 xx 000 0 und d a439291283 bD548gr 2002 aDickens, Charles aGreat expectations / cby Charles Dickens. aNew York : bScholastic, c2002 a536 pages : billustrations ; c17cm. eScholastic classics. c343494d343494 001040aSSISMbSSISMd2017-09-18l0oFIC D548gr 2002pSSISM2566r2017-09-18 00:00:00w2017-09-18yBK